Представление документа в формате RUSMARC

ПолеНазваниеЗначение
  Тип записи a
  Библиографический уровень m
001 Контрольный номер RU/УОНБ/EK_INO/561747193
005 Дата корректировки 20240131002919.1
100 Данные общей обработки __
a Данные общей обработки 20171019d1968 u y0gery018901 ba
101 Язык документа 1_
a Язык текста ger
c Язык оригинала eng
102 Страна публикации __
a Страна публикации DE
105 Кодированные данные (монография) __
a Кодированные данные (монография) a z 000yy
200 Заглавие и сведения об ответственности 1_
a Заглавие Der malende Affe
e Сведения, относящиеся к заглавию zur Biologie der Kunst
f Первые сведения об ответственности D. Morris
g Последующие сведения об ответственности [Ins Dt. ubertr. von H.G. Lenzen]
210 Выходные данные 1_
a Место издания Munchen
c Издательство Deutscher Taschenbuch Verlag
d Дата издания 1968
215 Физическое описание __
a Объем 168, [12] S.
c Иллюстрации/тип воспроизводства [4] Fot., Ill.
d Формат 18 cm
300 Общие примечания __
a Общие примечания Titel der engl. Originalausg.: The Biology of Art
330 Аннотация __
a Аннотация Десмонд Джон Моррис - британский зоолог и этолог, доктор наук, популяризатор дарвинизма, телеведущий, художник-сюрреалист, внесший значительный вклад в британское сюрреалистическое движение. Получил широкую известность как автор книги «Голая обезьяна» (1967), подвергшейся критике со стороны учёных-этологов. В книге "Der malende Affe" автор провел анализ картин шимпанзе Конго, кот. нарисовал 400 картин в абстрактном стиле в возрасте от 2 до 4 лет
606 Тематические рубрики 0_
a Основная рубрика Зоология
606 Тематические рубрики 0_
a Основная рубрика Живопись
610 Ключевые слова 0_
a Ключевые слова живопись обезьяны
686 Индексы других классификаций __
a Классификационный индекс 28.69 Нем
2 Код системы rubbk
686 Индексы других классификаций __
a Классификационный индекс 85.14 Нем
2 Код системы rubbk
700 Автор _1
a Фамилия Morris
b Имя (инициалы) D.
g Полное личное имя Desmond
702 Вторичная интеллектуальная ответственность _1
a Фамилия Lenzen
b Имя (инициалы) H.G.
4 Код отношения 730
801 Источник записи _0
a Страна RU
b Организация Ульяновская ОНБ
c Дата составления 20171019
g Правила каталогизации RCR
801 Источник записи _1
a Страна RU
b Организация Ульяновская ОНБ
c Дата составления 20171019
g Правила каталогизации RCR
901 Тип документа __
t Тип документа m
909 Создатель записи __
a Создатель записи Мартьянова
938 Служебная информация __
a Имя БД ino
b Имя библиотеки УОНБ
c Имя АИБС МАРК-SQL
d Номер DOC_ID в БД 20900